|
|
|
|
| LEADER |
00000nab a2200000uu 4500 |
| 001 |
vtls010903011 |
| 003 |
SK-MaSNL |
| 005 |
20260303142434.0 |
| 008 |
230222|1971 xo |||||||||||||||||eng| |
| 015 |
|
|
|a SNBRB
|
| 035 |
|
|
|a (urnnbn)urn:nbn:sk:snk:ar-a07ptl
|
| 035 |
|
|
|a (uuid)733c35f2-5549-4801-b5a3-9857f1f66859
|
| 035 |
|
|
|a urn:nbn:sk:snk-ab8u55
|
| 040 |
|
|
|a SNKBUCL
|b slo
|c SNKBUCL
|e AACR2
|
| 041 |
0 |
|
|a eng
|
| 044 |
|
|
|a xo
|c SK
|
| 100 |
1 |
|
|a Joachimsthaler, F.
|4 aut
|9 1162643
|
| 245 |
1 |
0 |
|a FORMOVÁNÍ POHYBOVÉHO NÁVYKU VE SPORTOVNÍ GYMNASTICE A JEHO KVANTITATIVNÍ HODNOCENÍ
|c F. Joachimsthaler, J. Moučková, J. Neuman
|
| 700 |
1 |
|
|a Moučková, J.
|4 aut
|9 1162644
|
| 700 |
1 |
|
|a Neuman, J.
|4 aut
|9 1162645
|
| 773 |
0 |
|
|t Acta Facultatis Educationis Physicae Universitatis Comenianae
|g Roč. 10, č. 10 (1971), s. 536-540
|
| 958 |
|
|
|a OND
|
| 958 |
|
|
|a EUIPO
|
| 958 |
|
|
|a article10
|
| 999 |
|
|
|c 1982901
|d 1984831
|